000 00270nam a22001217a 4500
041 _aENG
100 _aSharp.K.W
245 _aPractical Engineering Metrology
260 _aLondon
_bSir Isaac Pitman
_c1958
300 _a245
650 _aSWCE (06)
856 _uSWCE (06)
999 _c2909
_d2909